| 000 | 00964nas a2200301 4500 | ||
|---|---|---|---|
| 001 | BR2014006123 | ||
| 003 | BR-BrBNA | ||
| 005 | 20231205124543.0 | ||
| 007 | ta | ||
| 008 | 230509b bl.|||p| |||| 00| 00por d | ||
| 040 |
_aBR-BrBNA _bpor _cBiblioteca Nacional de Agricultura |
||
| 041 | _a(Pt) | ||
| 072 | _aF60; F30 | ||
| 100 | 1 | _aGuedes, M.N.S. | |
| 100 | 1 | _aMaro, L.A.C. | |
| 100 | 1 | _aAbreu, C.M.P. de | |
| 100 | 1 | _aPio, R. | |
| 100 | 1 | _aPatto, L.S. | |
| 245 | 1 | _aComposição química, compostos bioativos e dissimilaridade genética entre cultivares de amoreira (Rubus spp.)cultivadas no sul de Minas Gerais | |
| 650 | _aAMORA PRETA | ||
| 650 | _aAMORA | ||
| 650 | _aCOMPOSIÇÃO QUÍMICA | ||
| 650 | _aVARIEDADE | ||
| 650 | _aGENÉTICA VEGETAL | ||
| 773 | 0 |
_tRevista Brasileira de Fruticultura (Brazil) _xISSN 0100-2945 _g(Mar 2014), v. 36(1) p. 206-213 _wBR2014006123 |
|
| 909 |
_a202311 _bLúcia _c55 _dLúcia Elande |
||
| 942 |
_2AGRIS _n0 _cANA |
||
| 999 |
_c239689 _d239689 |
||